The prospective of VLA's role in cattle and buffalo diseases prevention and control in north-western cambodia, ការប្រមើរមើលនៃតួនាទីរបស់ភ្នាកងារពេទ្យសត្វភូមិ(VLA) ក្នុងការត្រួតពិនិត្យ និងការពារជំងឺ គោ ក្របីនៅភូមិភាគពាយព្យ (Record no. 1838)

000 -LEADER
fixed length control field 00780nam a22001577a 4500
003 - CONTROL NUMBER IDENTIFIER
control field OSt
005 - DATE AND TIME OF LATEST TRANSACTION
control field 20151003163649.0
008 - FIXED-LENGTH DATA ELEMENTS--GENERAL INFORMATION
fixed length control field 151003b xxu||||| |||| 00| 0 eng d
040 ## - CATALOGING SOURCE
Transcribing agency RUA
082 ## - DEWEY DECIMAL CLASSIFICATION NUMBER
Classification number AVM YEM 1998 B071 Or.1
100 ## - MAIN ENTRY--PERSONAL NAME
9 (RLIN) 1945
Personal name YEM, KIMLEANG.
245 ## - TITLE STATEMENT
Title The prospective of VLA's role in cattle and buffalo diseases prevention and control in north-western cambodia, ការប្រមើរមើលនៃតួនាទីរបស់ភ្នាកងារពេទ្យសត្វភូមិ(VLA) ក្នុងការត្រួតពិនិត្យ និងការពារជំងឺ គោ ក្របីនៅភូមិភាគពាយព្យ
260 ## - PUBLICATION, DISTRIBUTION, ETC. (IMPRINT)
Place of publication, distribution, etc. Phnom Penh
Name of publisher, distributor, etc. RUA
Date of publication, distribution, etc. 1998
300 ## - PHYSICAL DESCRIPTION
Extent 53p.
Other physical details il.
Dimensions 29cm.
942 ## - ADDED ENTRY ELEMENTS (KOHA)
Source of classification or shelving scheme
Koha item type AVM
Holdings
Price effective from Date last seen Permanent Location Not for loan Date acquired Source of classification or shelving scheme Koha item type Lost status Withdrawn status Date last checked out Total Checkouts Shelving location Damaged status Barcode Current Location Full call number
2015-10-032015-10-03Library Block B 2015-10-03 AVM    B071 RUA008258Library Block BAVM YEM 1998 B071 Or.1
2015-10-032016-10-26Library Block B 2015-10-03 AVM  2016-10-251B071 RUA008343Library Block BAVM YEM 1998 B071 Or.2
មជ្ឈមណ្ឌលឯការនៃសាកលវិទ្យាល័យភូមិន្ទកសិកម្មចំការដូង

Powered by Koha